000 01562nam a22002417a 4500
999 _c62614
_d62614
003 Ge_BSU
005 20241218140758.0
008 241218s1997 ge ||||| |||| 00| 0 geo d
041 _ageo
080 _a743(075.8) : 611(075.8) პ-43
245 _aპლასტიკური ანატომია და ექსპრესიულობა :
_b[სახელმძღვანელო სამხატვრო აკადემიის სტუდენტებისათვის] /
_cსაულ კახიანი, ზაალ კახიანი, დავით ასათიანი [და სხვ.]; რედ. ზაალ კახიანი.
264 _aბათუმი :
_bს.ს. "გამომცემლობა აჭარა",
_c1997.
300 _a284 გვ. :
_bილ. ;
_c22 სმ.
500 _aყდაზე ავტორები მითითებული არ არის.
653 _aპლასტიკური ანატომია
653 _aმედიცინა
700 _aკახიანი, საულ
_eავტორი
_923998
700 _aკახიანი, ზაალ
_eავტორი, რედაქტორი
_923999
700 _aასათიანი, დავით
_eავტორი
_924000
700 _aინაური, ალექსანდრე
_eავტორი
_924001
700 _aკანდელაკი, გიორგი
_eავტორი
_924002
942 _2udc
_cᲬᲘᲒᲜᲘ